000 00591nam a2200241Ia 4500
003 OSt
005 20221005131455.0
006 a|||||r|||| 00| 0
007 ta
008 221004b |||||||| |||| 00| 0 kan d
024 _a60654
037 _cTextual
040 _aCRL
_cCRL
_bkan
041 _2kan
_akan
082 _aO33,2NAN2,1, J4
100 _aAnandrao Au.
_9638651
245 0 _aSoushodhane
260 _c1954
650 _a KANNAD POETRY
650 _aKANNAD DRAMA
942 _hO33,2NAN2,1, J4
_cTEXL
_2cc
999 _c1060444
_d1060444